System kriminalistického vzdělání (psychologie zločinu a zločinnosti)

Bibliographic Details
Main Authors: Šejnoha, Josef, n. 1901 (Author), Fanta, Otto, 1890- (Author), Moravec, Ladislav (Author)
Format: Book
Language:Czech
Published: V Prahe F. Kodym [1936]
Edition:[1. vyd.]
Subjects:

MARC

LEADER 00000nam a2200000 a 4500
001 vtls009181089
003 SK-MaSNL
005 20260301170646.0
008 240313s1936 xr odalg 000 0 cze
020 |q (viaz.) 
040 |a SNK  |b slo  |c SNK  |e AACR2 
041 0 |a cze 
044 |a xr  |c CZ 
072 7 |a 343.9  |x Kriminalistika  |2 konspekt 
080 |a 343.9  |2 2001 
080 |a 343.3/.7  |2 2001 
080 |a 159.9  |2 2001 
080 |a 343.9-051  |2 2001 
080 |a 343.982  |2 2001 
080 |a 343.98  |2 2001 
080 |a 377  |2 2001 
080 |a 371  |2 2001 
080 |a (048.8)  |2 2001 
100 1 |a Šejnoha, Josef,  |d n. 1901  |4 aut  |9 115444 
245 1 0 |a System kriminalistického vzdělání  |b (psychologie zločinu a zločinnosti)  |c J. Šejnoha, spolupracovníci: Oto Fanta, Ladislav Moravec 
250 |a [1. vyd.] 
260 |a V Prahe  |b F. Kodym  |c [1936]  |e Praha  |f Studentská knihtiskárna 
300 |a 587 s.  |b fotogr., grafy, ilustr., sch., tab.  |c 30 cm 
500 |a Dielo obsahuje sedem tematických dielov 
504 |a Dod. a opr. 
650 0 7 |a kriminalistika  |2 SNKPH  |9 1688 
650 0 7 |a trestné činy  |2 SNKPH  |9 2181 
650 0 7 |a kriminalisti  |2 SNKPH  |9 30573 
650 0 7 |a kriminalistická technika  |2 SNKPH  |9 4588 
650 0 7 |a kriminalistická taktika  |2 SNKPH  |9 4117 
650 0 7 |a odborné vzdelávanie  |2 SNKPH  |9 4335 
650 0 7 |a vzdelávacie systémy  |2 SNKPH  |9 67476 
650 0 7 |a psychologické aspekty  |2 SNKPH  |9 3875 
655 7 |a monografie  |2 SNKPH  |9 70139 
700 1 |a Fanta, Otto,  |d 1890-  |4 aut  |9 537181 
700 1 |a Moravec, Ladislav  |4 aut  |9 537182 
999 |c 828310  |d 830240 
952 |a SNK  |b SNK  |y VYP  |7 0  |p 17A0568466  |o snkIB 24264  |i snkK 3421/70  |8 3  |0 0  |1 0  |4 0  |d 2008-02-05  |l 0  |r 2026-02-24 03:28:29  |w 2026-02-24